<?xml version="1.0" encoding="UTF-8"?>
<record
    xmlns:xsi="http://www.w3.org/2001/XMLSchema-instance"
    xsi:schemaLocation="http://www.loc.gov/MARC21/slim http://www.loc.gov/standards/marcxml/schema/MARC21slim.xsd"
    xmlns="http://www.loc.gov/MARC21/slim">

  <leader>00545nam a22001577a 4500</leader>
  <controlfield tag="003">OSt</controlfield>
  <controlfield tag="005">20150913091634.0</controlfield>
  <controlfield tag="008">150913b        xxu||||| |||| 00| 0 eng d</controlfield>
  <datafield tag="040" ind1=" " ind2=" ">
    <subfield code="c">RUA</subfield>
  </datafield>
  <datafield tag="082" ind1=" " ind2=" ">
    <subfield code="a">AGR KEA 1997 B019 Or.1</subfield>
  </datafield>
  <datafield tag="100" ind1=" " ind2=" ">
    <subfield code="9">361</subfield>
    <subfield code="a">KEAM, SOLIDA</subfield>
  </datafield>
  <datafield tag="245" ind1=" " ind2=" ">
    <subfield code="a">Strategies for development  for krek rubber plantation company &#x1791;&#x17B7;&#x179F;&#x178A;&#x17C5;&#x17A2;&#x1797;&#x17B7;&#x179C;&#x178C;&#x17D2;&#x178D;&#x1793;&#x17CD;&#x179A;&#x1794;&#x179F;&#x17CB;&#x1780;&#x17D2;&#x179A;&#x17BB;&#x1798;&#x17A0;&#x17CA;&#x17BB;&#x1793;&#x1785;&#x17C6;&#x1780;&#x17B6;&#x179A;&#x1780;&#x17C5;&#x179F;&#x17CA;&#x17BC;&#x1780;&#x17D2;&#x179A;&#x17C2;&#x1780;</subfield>
  </datafield>
  <datafield tag="260" ind1=" " ind2=" ">
    <subfield code="a">Phnom Penh</subfield>
    <subfield code="b">RUA</subfield>
    <subfield code="c">1997</subfield>
  </datafield>
  <datafield tag="300" ind1=" " ind2=" ">
    <subfield code="a">84p.</subfield>
    <subfield code="b">ill.</subfield>
    <subfield code="c">29cm.</subfield>
  </datafield>
  <datafield tag="942" ind1=" " ind2=" ">
    <subfield code="2">ddc</subfield>
    <subfield code="c">AGR</subfield>
  </datafield>
  <datafield tag="999" ind1=" " ind2=" ">
    <subfield code="c">342</subfield>
    <subfield code="d">342</subfield>
  </datafield>
  <datafield tag="952" ind1=" " ind2=" ">
    <subfield code="0">0</subfield>
    <subfield code="1">0</subfield>
    <subfield code="2">ddc</subfield>
    <subfield code="4">0</subfield>
    <subfield code="6">AGR_KEA_1997_000000000000000_B019_OR_1</subfield>
    <subfield code="7">0</subfield>
    <subfield code="9">1598</subfield>
    <subfield code="a">LBB</subfield>
    <subfield code="b">LBB</subfield>
    <subfield code="c">B019</subfield>
    <subfield code="d">2015-09-13</subfield>
    <subfield code="o">AGR KEA 1997 B019 Or.1</subfield>
    <subfield code="p">RUA006579</subfield>
    <subfield code="r">2015-09-13</subfield>
    <subfield code="w">2015-09-13</subfield>
    <subfield code="y">AGR</subfield>
  </datafield>
  <datafield tag="952" ind1=" " ind2=" ">
    <subfield code="0">0</subfield>
    <subfield code="1">0</subfield>
    <subfield code="2">ddc</subfield>
    <subfield code="4">0</subfield>
    <subfield code="6">AGR_KEA_1997_000000000000000_B019_OR_2</subfield>
    <subfield code="7">0</subfield>
    <subfield code="9">1599</subfield>
    <subfield code="a">LBB</subfield>
    <subfield code="b">LBB</subfield>
    <subfield code="c">B019</subfield>
    <subfield code="d">2015-09-13</subfield>
    <subfield code="o">AGR KEA 1997 B019 Or.2</subfield>
    <subfield code="p">RUA008171</subfield>
    <subfield code="r">2015-09-13</subfield>
    <subfield code="w">2015-09-13</subfield>
    <subfield code="y">AGR</subfield>
  </datafield>
  <datafield tag="952" ind1=" " ind2=" ">
    <subfield code="0">0</subfield>
    <subfield code="1">0</subfield>
    <subfield code="2">ddc</subfield>
    <subfield code="4">0</subfield>
    <subfield code="6">AGR_KEA_1997_000000000000000_B019_OR_3</subfield>
    <subfield code="7">0</subfield>
    <subfield code="9">1600</subfield>
    <subfield code="a">LBB</subfield>
    <subfield code="b">LBB</subfield>
    <subfield code="c">B019</subfield>
    <subfield code="d">2015-09-13</subfield>
    <subfield code="o">AGR KEA 1997 B019 Or.3</subfield>
    <subfield code="p">RUA003650</subfield>
    <subfield code="r">2015-09-13</subfield>
    <subfield code="w">2015-09-13</subfield>
    <subfield code="y">AGR</subfield>
  </datafield>
  <datafield tag="952" ind1=" " ind2=" ">
    <subfield code="0">0</subfield>
    <subfield code="1">0</subfield>
    <subfield code="2">ddc</subfield>
    <subfield code="4">0</subfield>
    <subfield code="6">AGR_KEA_1997_000000000000000_B019_OR_4</subfield>
    <subfield code="7">0</subfield>
    <subfield code="9">1601</subfield>
    <subfield code="a">LBB</subfield>
    <subfield code="b">LBB</subfield>
    <subfield code="c">B019</subfield>
    <subfield code="d">2015-09-13</subfield>
    <subfield code="o">AGR KEA 1997 B019 Or.4</subfield>
    <subfield code="p">RUA003795</subfield>
    <subfield code="r">2015-09-13</subfield>
    <subfield code="w">2015-09-13</subfield>
    <subfield code="y">AGR</subfield>
  </datafield>
  <datafield tag="952" ind1=" " ind2=" ">
    <subfield code="0">0</subfield>
    <subfield code="1">0</subfield>
    <subfield code="2">ddc</subfield>
    <subfield code="4">0</subfield>
    <subfield code="6">AGR_KEA_1997_000000000000000_B019_OR_5</subfield>
    <subfield code="7">0</subfield>
    <subfield code="9">1602</subfield>
    <subfield code="a">LBB</subfield>
    <subfield code="b">LBB</subfield>
    <subfield code="c">B019</subfield>
    <subfield code="d">2015-09-13</subfield>
    <subfield code="o">AGR KEA 1997 B019 Or.5</subfield>
    <subfield code="p">RUA003723</subfield>
    <subfield code="r">2015-09-13</subfield>
    <subfield code="w">2015-09-13</subfield>
    <subfield code="y">AGR</subfield>
  </datafield>
  <datafield tag="952" ind1=" " ind2=" ">
    <subfield code="0">0</subfield>
    <subfield code="1">0</subfield>
    <subfield code="2">ddc</subfield>
    <subfield code="4">0</subfield>
    <subfield code="6">AGR_KEA_1997_000000000000000_B019_OR_6</subfield>
    <subfield code="7">0</subfield>
    <subfield code="9">1603</subfield>
    <subfield code="a">LBB</subfield>
    <subfield code="b">LBB</subfield>
    <subfield code="c">B019</subfield>
    <subfield code="d">2015-09-13</subfield>
    <subfield code="o">AGR KEA 1997 B019 Or.6</subfield>
    <subfield code="p">RUA008244</subfield>
    <subfield code="r">2015-09-13</subfield>
    <subfield code="w">2015-09-13</subfield>
    <subfield code="y">AGR</subfield>
  </datafield>
  <datafield tag="952" ind1=" " ind2=" ">
    <subfield code="0">0</subfield>
    <subfield code="1">0</subfield>
    <subfield code="2">ddc</subfield>
    <subfield code="4">0</subfield>
    <subfield code="6">AGR_KEA_1997_000000000000000_B019_OR_7</subfield>
    <subfield code="7">0</subfield>
    <subfield code="9">1604</subfield>
    <subfield code="a">LBB</subfield>
    <subfield code="b">LBB</subfield>
    <subfield code="c">B019</subfield>
    <subfield code="d">2015-09-13</subfield>
    <subfield code="o">AGR KEA 1997 B019 Or.7</subfield>
    <subfield code="p">RUA003724</subfield>
    <subfield code="r">2015-09-13</subfield>
    <subfield code="w">2015-09-13</subfield>
    <subfield code="y">AGR</subfield>
  </datafield>
  <datafield tag="952" ind1=" " ind2=" ">
    <subfield code="0">0</subfield>
    <subfield code="1">0</subfield>
    <subfield code="2">ddc</subfield>
    <subfield code="4">0</subfield>
    <subfield code="6">AGR_KEA_1997_000000000000000_B019_OR_8</subfield>
    <subfield code="7">0</subfield>
    <subfield code="9">1605</subfield>
    <subfield code="a">LBB</subfield>
    <subfield code="b">LBB</subfield>
    <subfield code="c">B019</subfield>
    <subfield code="d">2015-09-13</subfield>
    <subfield code="o">AGR KEA 1997 B019 Or.8</subfield>
    <subfield code="p">RUA003580</subfield>
    <subfield code="r">2015-09-13</subfield>
    <subfield code="w">2015-09-13</subfield>
    <subfield code="y">AGR</subfield>
  </datafield>
  <datafield tag="952" ind1=" " ind2=" ">
    <subfield code="0">0</subfield>
    <subfield code="1">0</subfield>
    <subfield code="2">ddc</subfield>
    <subfield code="4">0</subfield>
    <subfield code="6">AGR_KEA_1997_000000000000000_B019_OR_9</subfield>
    <subfield code="7">0</subfield>
    <subfield code="9">1606</subfield>
    <subfield code="a">LBB</subfield>
    <subfield code="b">LBB</subfield>
    <subfield code="c">B019</subfield>
    <subfield code="d">2015-09-13</subfield>
    <subfield code="o">AGR KEA 1997 B019 Or.9</subfield>
    <subfield code="p">RUA008316</subfield>
    <subfield code="r">2015-09-13</subfield>
    <subfield code="w">2015-09-13</subfield>
    <subfield code="y">AGR</subfield>
  </datafield>
</record>
